| 000 | 00554nam a22001577a 4500 | ||
|---|---|---|---|
| 020 | _a9780323399562 | ||
| 082 |
_a618.920075 _bKLI |
||
| 100 |
_aKliegman, Robert M.; Basel, Donald; Bordini, Brett J.; Toth, Heather _9113399 |
||
| 245 |
_aNelson Pediatric Symptom-Based Diagnosis / _cRobert M. Kliegman; Donald Basel; Brett J. Bordini; Heather Toth |
||
| 260 |
_aPhiladelphia : _bElsevier, _c2018. |
||
| 300 |
_a929 p. ; _c28 cm. |
||
| 563 | _aHBK. | ||
| 650 |
_aPediatrics. _9113391 |
||
| 650 |
_aChildren _xDiseases, Diagnosis _9113400 |
||
| 942 |
_2ddc _cBK |
||
| 999 |
_c595129 _d595129 |
||